| 000 | 00452nam a2200193Ia 4500 | ||
|---|---|---|---|
| 008 | 170918s9999 xx 000 0 und d | ||
| 020 | _a439270537 | ||
| 050 | _bW898 2000 | ||
| 100 | _aWoodson, Jacqueline | ||
| 245 | _aMiracle's boys / | ||
| 245 | _cJacqueline Woodson. | ||
| 260 | _aNew York : | ||
| 260 | _bScholastic, | ||
| 260 | _c2000 | ||
| 300 | _a133 pages : | ||
| 300 | _bcolored illustration ; | ||
| 300 | _c19cm. | ||
| 500 | _a660 | ||
| 999 |
_c341807 _d341807 |
||